| 000 | 02105nam a2200337 a 4500 | ||
|---|---|---|---|
| 001 | ebr10576331 | ||
| 003 | CaPaEBR | ||
| 006 | m u | ||
| 007 | cr cn||||||||| | ||
| 008 | 120601s2012 dcuad sb 000 0 eng d | ||
| 010 | _z 2012019769 | ||
| 020 | _z9780821395981 | ||
| 020 | _z9780821396018 (e-book) | ||
| 040 |
_aCaPaEBR _cCaPaEBR |
||
| 035 | _a(OCoLC)802047896 | ||
| 050 | 1 | 4 |
_aTJ808 _b.M33 2012eb |
| 082 | 0 | 4 |
_a621.319 _223 |
| 100 | 1 | _aMadrigal, Marcelino. | |
| 245 | 1 | 0 |
_aTransmission expansion for renewable energy scale-up _h[electronic resource] : _bemerging lessons and recommendations / _cMarcelino Madrigal and Steven Stoft. |
| 260 |
_aWashington D.C. : _bWorld Bank, _c2012. |
||
| 300 |
_axviii, 147 p. : _bill. |
||
| 490 | 0 | _aWorld Bank study | |
| 504 | _aIncludes bibliographical references. | ||
| 505 | 0 | _aForeword -- Acknowledgments -- Executive summary -- Acronyms and abbreviations -- The need to address transmission issues when scaling up renewable : emerging planning and pricing practices -- Introduction -- Transmission cost allocation and pricing -- Proactive planning and other institutional arrangements to expand transmission for renewable energy -- Renewable transmission development : economic principles -- Transmission and renewable energy, the basic trade-off -- Economic principles on transmission planning -- Economic principles of transmission pricing -- Appendix A: Investment assessment by jurisdiction -- Appendix B: Review of connection cost allocation and network infrastructure pricing methodologies -- Appendix C: Topics on transmission planning: reliability criteria and new tools -- Bibliography. | |
| 533 |
_aElectronic reproduction. _bPalo Alto, Calif. : _cebrary, _d2013. _nAvailable via World Wide Web. _nAccess may be limited to ebrary affiliated libraries. |
||
| 650 | 0 | _aRenewable energy sources. | |
| 655 | 7 |
_aElectronic books. _2local |
|
| 700 | 1 | _aStoft, Steven. | |
| 710 | 2 | _aebrary, Inc. | |
| 856 | 4 | 0 |
_uhttp://site.ebrary.com/lib/rucke/Doc?id=10576331 _zAn electronic book accessible through the World Wide Web; click to view |
| 999 |
_c87944 _d87944 |
||